000 00610nam a2200229Ia 4500
003 OSt
005 20221005132847.0
006 a|||||r|||| 00| 0
007 ta
008 221004b |||||||| |||| 00| 0 eng d
024 _a51517
037 _cTextual
040 _aCRL
_cCRL
_beng
041 _2eng
_aeng
082 _aQ22:223z64, 111J4
100 _aIyer T B Dharmaraja
_9641768
245 0 _aVanamala
_b Letters on Srimad Bhagavata series 1
260 _c1954
650 _aRELIGION
942 _hQ22:223z64, 111J4
_cTEXL
_2cc
999 _c1065047
_d1065047